000 00341nam a22001457a 4500
008 221005b ||||| |||| 00| 0 eng d
020 _a74124615
041 _aeng
080 _2earlier edition
_a615
082 _a615
100 _a13
101 _aFAR
245 _aThe Pharmacological basis of therapetics
_cGOOGMAN L
942 _2udc
_cBK
999 _c58343
_d58343